Llei 22/2005, de 29 de desembre, de la comunicació audiovisual de Catalunya / edició a cura de la lletrada Esther Andreu i Fornós
Descripción Física:
112 p. ; 21 cm
Colección:
Textos legislatius ; 53
Otros Autores:
Andreu i Fornós, Esther
MARC
| LEADER | 00000nam a2200000Ia 4500 | ||
|---|---|---|---|
| 001 | 17926 | ||
| 008 | 160829s2006 xx 000 0 cat d | ||
| 080 | |a D-3-101 | ||
| 100 | |a Catalunya. Llei de la comunicació audiovisual de Catalunya (2005) |9 37825 | ||
| 245 | |a Llei 22/2005, de 29 de desembre, de la comunicació audiovisual de Catalunya / edició a cura de la lletrada Esther Andreu i Fornós | ||
| 250 | |a Ed. no venal | ||
| 260 | |a Barcelona : |b Parlament de Catalunya, |c 2006 | ||
| 300 | |a 112 p. ; |c 21 cm | ||
| 490 | |a Textos legislatius ; 53 | ||
| 650 | |a Comunicació audiovisual |x Dret i legislació |x Catalunya |9 37826 | ||
| 700 | 1 | |a Andreu i Fornós, Esther |9 37827 | |
| 710 | 1 | |a Catalunya. |b Parlament |9 11492 | |
| 901 | |a Arxiu | ||
| 942 | |n 1 | ||
| 952 | |0 1 |1 0 |2 udc |4 0 |5 2 |6 D3101 |7 1 |9 48104 |a Arxiu |b Arxiu |d 2016-12-01 |l 0 |o D-3-101 |p 17926 |r 2016-12-01 00:00:00 |w 2016-12-01 |y ARXIU | ||
| 999 | |c 51907 |d 51907 | ||